Tra le rose e le viole : la storia e le storie di transessuali e travestiti /

Spremljeno u:
Bibliografski detalji
Glavni autor: Marcasciano, Porpora
Daljnji autori: De Leo, Maya (Autor uvoda, itd.), Di Stefano, Fabrizia (Autor epiloga, impresum, itd.)
Format: Knjiga
Jezik:talijanski
Izdano: Roma : Edizioni Alegre, 2020
Serija:Feminist
Teme:
Oznake: Dodaj oznaku
Bez oznaka, Budi prvi tko označuje ovaj zapis!

MARC

LEADER 00000nam a22000007i 4500
001 IT\ICCU\UBO\4488518
003 ItRI
005 20250501192719.0
008 201110s2020 it |||||| ||||| |||||c
020 |a 9788832067323 
040 |b ita  |c Arcigay Queer VdA 
041 7 |a ita  |2 ISO-639-2 
082 |a 306.768  |2 23 
100 1 |a Marcasciano, Porpora  |0 IT\ICCU\RERV\037043 
240 1 0 |a Tra le rose e le viole  |9 Marcasciano, Porpora 
245 1 0 |a Tra le rose e le viole :  |b la storia e le storie di transessuali e travestiti /  |c Porpora Marcasciano ; prefazione Maya De Leo ; postfazione Fabrizia Di Stefano. 
260 |a Roma :  |b Edizioni Alegre,  |c 2020 
300 |a 223 p. ;  |c 21 cm 
650 7 |a Transessualismo  |x Italia  |x Sec. 20. 
700 1 |a De Leo, Maya  |0 IT\ICCU\CFIV\246875  |4 aui 
700 1 |a Di Stefano, Fabrizia  |0 IT\ICCU\UBOV\367121  |4 aft 
830 0 |a Feminist  |0 IT\ICCU\UBO\4304309 
942 |2 ddc  |c BK 
952 |0 0  |1 0  |2 ddc  |4 0  |6 306_768092000000000_MAR_TRA  |7 0  |9 3989  |a AO  |b AO  |d 2025-04-26  |l 0  |o 306.768092 MAR TRA  |p 11174  |r 2025-04-26 10:13:09  |w 2025-04-26  |y BK 
952 |0 0  |1 0  |2 ddc  |4 0  |6 306_768000000000000_MAR_TRA  |7 1  |9 4118  |a AO  |b AO  |d 2025-05-01  |l 0  |o 306.768 MAR TRA  |p 11295  |r 2025-05-01 19:28:08  |w 2025-05-01  |x Di proprietà di Giulio Gasperini  |y BK 
952 |0 0  |1 0  |2 ddc  |4 0  |6 306_766000000000000_MAR_TRA  |7 0  |9 9474  |a VT  |b VT  |d 2025-08-05  |e Acq. Arcigay Viterbo su donazione di Banca Lazio Nord  |i B183  |l 0  |o 306.766 MAR TRA  |p B183  |r 2025-08-05 17:57:16  |w 2025-08-05  |y BK  |z Acq. Arcigay Viterbo su donazione di Banca Lazio Nord 
981 1 |6 z01  |a i   |b xxxe  
982 1 |6 z01  |a n 
999 |c 3183  |d 3183